000
00301nam a22001217a 4500
999
_c
527975
_d
527975
003
NUST
038
_a
M.Ramzan
082
_a
690.22
_b
HIL
100
_a
Hill, Darryl C.
_9
19470
245
_a
construction Safety management and engineering/
_c
Darryl C Hill
300
_a
717 p, :
_c
25cm
942
_2
ddc
_c
BK